| 000 -LEADER |
| fixed length control field |
02047cam a2200421 a 4500 |
| 001 - CONTROL NUMBER |
| control field |
15070518 |
| 003 - CONTROL NUMBER IDENTIFIER |
| control field |
OSt |
| 005 - DATE AND TIME OF LATEST TRANSACTION |
| control field |
20181016100721.0 |
| 008 - FIXED-LENGTH DATA ELEMENTS--GENERAL INFORMATION |
| fixed length control field |
071105s2008 nyuac b 001 0 rus c |
| 010 ## - LIBRARY OF CONGRESS CONTROL NUMBER |
| LC control number |
2007940764 |
| 020 ## - INTERNATIONAL STANDARD BOOK NUMBER |
| International Standard Book Number |
9780963059475 |
| 020 ## - INTERNATIONAL STANDARD BOOK NUMBER |
| International Standard Book Number |
0963059475 |
| 035 ## - SYSTEM CONTROL NUMBER |
| System control number |
(OCoLC)ocn226956959 |
| 040 ## - CATALOGING SOURCE |
| Original cataloging agency |
COO |
| Transcribing agency |
COO |
| Modifying agency |
WTU |
| -- |
TXA |
| -- |
EVIEW |
| -- |
J9U |
| -- |
DLC |
| 042 ## - AUTHENTICATION CODE |
| Authentication code |
pcc |
| 050 00 - LIBRARY OF CONGRESS CALL NUMBER |
| Classification number |
BD422.R9 |
| Item number |
D38 2008 |
| 066 ## - CHARACTER SETS PRESENT |
| Alternate G0 or G1 character set |
(N |
| 100 1# - MAIN ENTRY--PERSONAL NAME |
| Linkage |
880-01 |
| Personal name |
Davydov, Joseph, |
| Dates associated with a name |
1932- |
| 245 10 - TITLE STATEMENT |
| Linkage |
880-02 |
| Title |
Dusha i telo = |
| Remainder of title |
Soul and body / |
| Statement of responsibility, etc. |
Isaĭ Shoulovich Davydov. |
| 246 15 - VARYING FORM OF TITLE |
| Linkage |
880-03 |
| Title proper/short title |
Dusha i telo, um i mozg |
| 246 31 - VARYING FORM OF TITLE |
| Title proper/short title |
Soul and body |
| 260 ## - PUBLICATION, DISTRIBUTION, ETC. (IMPRINT) |
| Linkage |
880-04 |
| Place of publication, distribution, etc. |
Nʹi︠u︡-Ĭork : |
| Name of publisher, distributor, etc. |
International Scientific Center, |
| Date of publication, distribution, etc. |
c2008. |
| 300 ## - PHYSICAL DESCRIPTION |
| Extent |
416 p. : |
| Other physical details |
ill., port. ; |
| Dimensions |
23 cm. |
| 490 1# - SERIES STATEMENT |
| Linkage |
880-05 |
| Series statement |
SOS, nauchnye problemy morali, schastʹi︠a︡, dolgoletii︠a︡ i bessmertii︠a︡ / Isaĭ Shoulovich Davydov ; |
| Volume/sequential designation |
t. 4 |
| 650 #0 - SUBJECT ADDED ENTRY--TOPICAL TERM |
| Topical term or geographic name as entry element |
Soul. |
| 650 #0 - SUBJECT ADDED ENTRY--TOPICAL TERM |
| Topical term or geographic name as entry element |
Mind and body. |
| 650 #0 - SUBJECT ADDED ENTRY--TOPICAL TERM |
| Topical term or geographic name as entry element |
Philosophy of mind. |
| 650 #0 - SUBJECT ADDED ENTRY--TOPICAL TERM |
| Topical term or geographic name as entry element |
Truth. |
| 653 ## - INDEX TERM--UNCONTROLLED |
| Uncontrolled term |
Soul and body |
| -- |
Truth |
| -- |
Philosophy |
| 800 1# - SERIES ADDED ENTRY--PERSONAL NAME |
| Personal name |
Davydov, Joseph, |
| Dates associated with a name |
1932- |
| Title of a work |
SOS. |
| Name of part/section of a work |
Nauchnye problemy morali, schastʹi︠a︡, dolgoletii︠a︡ i bessmertii︠a︡ ; |
| Volume/sequential designation |
t. 4. |
| 880 1# - ALTERNATE GRAPHIC REPRESENTATION |
| Linkage |
100-01/(N |
| a |
Давыдов, Исай, |
| d |
1932- |
| 880 10 - ALTERNATE GRAPHIC REPRESENTATION |
| Linkage |
245-02/(N |
| a |
Душа и тело = |
| b |
Soul and body / |
| c |
Исай Шоулович Давыдов. |
| 880 35 - ALTERNATE GRAPHIC REPRESENTATION |
| Linkage |
246-03/(N |
| a |
Душа и тело, ум и мозг |
| 880 ## - ALTERNATE GRAPHIC REPRESENTATION |
| Linkage |
260-04/(N |
| a |
Нью-Йорк : |
| b |
International Scientific Center, |
| c |
c2008. |
| 880 1# - ALTERNATE GRAPHIC REPRESENTATION |
| Linkage |
490-05/(N |
| a |
СОС, научные проблемы морали, счастья, долголетия и бессмертия / Исай Шоулович Давыдов ; |
| v |
т. 4 |
| 906 ## - LOCAL DATA ELEMENT F, LDF (RLIN) |
| a |
7 |
| b |
cbc |
| c |
pccadap |
| d |
3 |
| e |
epcn |
| f |
20 |
| g |
y-nonroman |
| 942 ## - ADDED ENTRY ELEMENTS (KOHA) |
| Source of classification or shelving scheme |
|
| Koha item type |
Hard Covered Materials |
| Classification part |
BD 422 .R9D38 2008 |